Nauka o zboží cvičení z nauky o zboží

Gespeichert in:
Bibliographische Detailangaben
1. Verfasser: Kavina, Karel
Körperschaft: Vysoká škola ekonomická v Praze. Obchodní fakulta
Format: Buch
Sprache:Tschechisch
Veröffentlicht: Praha Státní pedagogické nakladatelství 1982
Tags: Tag hinzufügen
Keine Tags, Fügen Sie das erste Tag hinzu!

MARC

LEADER 00000nam a2200000 4500
001 c134250
005 20221220095852.7
041 0 |a cze 
044 |a CZ 
245 1 0 |a Nauka o zboží  |b cvičení z nauky o zboží  |c Karel Kavina a kol. 
264 1 |a Praha  |b Státní pedagogické nakladatelství  |c 1982 
300 |a 217 s. 
100 1 |a Kavina, Karel 
710 2 |a Vysoká škola ekonomická v Praze. Obchodní fakulta